|
|
|
|
| LEADER |
00000nam a22000004a 4500 |
| 001 |
AR-BbUGT4211 |
| 003 |
AR-BbUGT |
| 005 |
20210928063351.0 |
| 007 |
ta |
| 008 |
061101t2004 |||a m |0|||0| d |
| 999 |
|
|
|c 11512
|d 11512
|
| 040 |
|
|
|a AR-BbUGT
|b spa
|c AR-BbUGT
|
| 082 |
0 |
4 |
|a 380.14
|
| 100 |
1 |
|
|a Bustos, María Luján.
|4 dis
|9 806
|
| 245 |
1 |
3 |
|a La potencialidad turística de un espacio litoral :
|b el caso del balneario "La Chiquita" /
|c María Luján Bustos.
|
| 260 |
|
|
|c 2004.
|
| 300 |
|
|
|a 111 p. :
|b il.
|
| 502 |
|
|
|a Tesis (grado)--Universidad Nacional del Sur. Departamento de Geografía y Turismo, 2004.
|
| 504 |
|
|
|a Bibliografía: p. 109.
|
| 653 |
|
|
|a Tesis de grado
|
| 653 |
|
|
|a Turismo
|
| 653 |
|
|
|a Planificación
|
| 653 |
|
|
|a Recursos
|
| 653 |
|
|
|a Balneario la Chiquita
|
| 700 |
1 |
|
|a Vaquero Ma. del Carmen
|4 ths.
|
| 710 |
2 |
|
|a Universidad Nacional del Sur.
|b Departamento de Geografía y Turismo
|4 dgg.
|9 48
|
| 942 |
|
|
|c BK
|h 380.14
|i B969
|2 ddc
|6 380_140000000000000_B969
|